| 000 | 01126cam a22002771i 4500 | ||
|---|---|---|---|
| 003 | SA-RiAUC | ||
| 005 | 20250205070739.0 | ||
| 008 | 250130s1999 sy g b 000 0 ara c | ||
| 040 |
_aSA-RiNAUS _bara _cSA-RiAUC. _erda |
||
| 082 | 0 | 4 |
_a259 _qSA-RiAUC |
| 090 |
_a259 _bز ر ق |
||
| 100 | 1 |
_aالزرقا، مصطفى أحمد، _d1904-1999 _eمؤلف. |
|
| 245 | 1 | 0 |
_aفتاوى مصطفى الزرقا / _cاعتنى بها مجد أحمد مكي ؛ تقديم يوسف القرضاوي. |
| 250 | _aالطبعة الأولى. | ||
| 264 | 1 |
_aدمشق : _aبيروت : _bدار القلم ؛ _bالدار الشامية، _c1999 |
|
| 300 |
_a700 صفحة ؛ _c24 سم |
||
| 336 |
_aنص _btxt _2rdacontent _3كتاب |
||
| 337 |
_aبدون وسيط _bn _2rdamedia |
||
| 338 |
_aمجلد _bnc _2rdacarrier |
||
| 504 | _aيشتمل على إرجاعات ببليوجرافية. | ||
| 650 | 7 |
_aالفقه الإسلامي _2aucsh |
|
| 700 | 1 |
_aمكي، مجد أحمد سعيد _eمراجع. |
|
| 700 | 1 |
_aالقرضاوي، يوسف، _d1926-2022 _eمقدم. |
|
| 942 |
_2ddc _cBOOK _n0 |
||
| 949 |
_aSA-JeALM _d250130 _uosman123 _n1 |
||
| 999 |
_c5588 _d5588 |
||